000 01253nam a2200337 a 4500
001 000112993
003 CHAP
005 20220329144332.0
008 170309s2016 mx sm |||||||spa d
010 _a109454
011 _a110426
040 _cCHAP
090 _aTesis
100 1 _aArellano Choca, Roberto
_9131703
245 1 0 _aDiseño, construcción y óperación de un modelo para el análisis hidráulico de un dispositivo trabajando a presión o superficie libre
_h[En línea]
_cpor Roberto Arellano Choca.
260 _aChapingo, Méx. :
_bEl autor,
_c2016.
500 _aPara ver el contenido del material haga clic en la liga
502 _aTesis (Ing. en Irrigación) -- UACH. Departamento de Irrigación
590 _aBATCH
_b00
_c20181121
_lUCH01
_h0758
590 _aE5765TAJ
_b05
_c20170309
_lUCH01
_h1231
590 _aE5765TAJ
_b05
_c20170309
_lUCH01
_h1231
650 1 4 _aAlcantarillado
_xDiseño y contrucción.
_9131704
650 1 4 _aDrenaje
_xProyectos y planos.
_934209
650 1 4 _aFlujo de agua subterranea.
_9131705
650 1 4 _aIngeniería hidráulica.
_958235
856 _a1
_n0000477
856 _aFinding aid
_uhttp://10.13.5.2/tesis/sist112993.pdf
_zTeclea aquí
901 _aBK
942 _cTESIS
942 _n0
999 _c109454
_d109454